000168094 001__ 168094 000168094 005__ 20260126155509.0 000168094 0248_ $$2sideral$$a146854 000168094 037__ $$aART-2014-146854 000168094 041__ $$aeng 000168094 100__ $$0(orcid)0000-0003-3466-9952$$aRasekh, Sh. 000168094 245__ $$aDevelopment of a new thermoelectric Bi2Ca2Co 1.7Ox + Ca3Co4O9 composite 000168094 260__ $$c2014 000168094 5060_ $$aAccess copy available to the general public$$fUnrestricted 000168094 5203_ $$aBi2Ca 2Co 1.7Ox nominal composition ceramic rods were textured by the electrically assisted laser floating zone technique. A new composite formed by three phases, two of them with well-known thermoelectric properties, Bi 2Ca2Co 1.7Ox and Ca 3Co 4O 9, was obtained for the first time when the growth process was performed with a 300 mA applied current. Under these conditions the thermoelectric performances of this new composite reach values above the highest ones reported in the literature for polycrystalline Bi 2Ca2Co 1.7Ox materials. 000168094 536__ $$9info:eu-repo/grantAgreement/ES/DGA/T12$$9info:eu-repo/grantAgreement/ES/DGA/T87 000168094 540__ $$9info:eu-repo/semantics/openAccess$$aby-nc-nd$$uhttps://creativecommons.org/licenses/by-nc-nd/4.0/deed.es 000168094 590__ $$a3.224$$b2014 000168094 591__ $$aMATERIALS SCIENCE, MULTIDISCIPLINARY$$b45 / 257 = 0.175$$c2014$$dQ1$$eT1 000168094 591__ $$aMETALLURGY & METALLURGICAL ENGINEERING$$b3 / 73 = 0.041$$c2014$$dQ1$$eT1 000168094 591__ $$aNANOSCIENCE & NANOTECHNOLOGY$$b28 / 78 = 0.359$$c2014$$dQ2$$eT2 000168094 655_4 $$ainfo:eu-repo/semantics/article$$vinfo:eu-repo/semantics/acceptedVersion 000168094 700__ $$aFerreira, N.M. 000168094 700__ $$aCosta, F.M. 000168094 700__ $$0(orcid)0000-0002-1614-1962$$aConstantinescu, G. 000168094 700__ $$0(orcid)0000-0002-0794-3998$$aMadre, M.A.$$uUniversidad de Zaragoza 000168094 700__ $$0(orcid)0000-0003-3995-5763$$aTorres, M.A.$$uUniversidad de Zaragoza 000168094 700__ $$0(orcid)0000-0001-9995-6368$$aDiez, J.C.$$uUniversidad de Zaragoza 000168094 700__ $$0(orcid)0000-0001-7056-0546$$aSotelo, A.$$uUniversidad de Zaragoza 000168094 7102_ $$15002$$2305$$aUniversidad de Zaragoza$$bDpto. Ingeniería Diseño Fabri.$$cÁrea Expresión Gráfica en Ing. 000168094 7102_ $$15001$$2065$$aUniversidad de Zaragoza$$bDpto. Ciencia Tecnol.Mater.Fl.$$cÁrea Cienc.Mater. Ingen.Metal. 000168094 773__ $$g80 (2014), [4 pp.]$$pScr. mater.$$tScripta Materialia$$x1359-6462 000168094 8564_ $$s413886$$uhttps://zaguan.unizar.es/record/168094/files/texto_completo.pdf$$yPostprint 000168094 8564_ $$s1089000$$uhttps://zaguan.unizar.es/record/168094/files/texto_completo.jpg?subformat=icon$$xicon$$yPostprint 000168094 909CO $$ooai:zaguan.unizar.es:168094$$particulos$$pdriver 000168094 951__ $$a2026-01-26-14:50:23 000168094 980__ $$aARTICLE